Dopady súčasnej globálnej krízy na ekonomiky krajín východnej Európy

Bibliographic Details
Main Authors: Lazový, Pavol (Author), Slováková, Viera (Author)
Format: Article
Language:Slovak
PhysicalDescription:Grafy
ISBN:9788022527675
Subjects:

MARC

LEADER 00000naa a2200000 ar4500
001 vtls010089740
003 SK-MaSNL
005 20260426020741.0
008 100428c2007 xo qr|p|||||||000 b|slo
015 |a SNBRA2010/04  |2 snkbucl 
038 |a SNKBUCL 
040 |a SNKBUCL  |b slo  |c SNKBUCL  |e AACR2 
041 0 |a slo  |b eng 
044 |a xo  |c SK 
080 |a 338.1(4-11):338.124.4  |2 2001 
080 |a 338.124.4(100:4-11)  |2 2001 
100 1 |a Lazový, Pavol  |4 aut  |9 771397 
245 1 0 |a Dopady súčasnej globálnej krízy na ekonomiky krajín východnej Európy  |c Pavol Lazový, Viera Slováková 
246 3 1 |a The implications of the current global crisis on the economies of the Eastern Europe countries 
300 |b Grafy 
504 |a Bibliogr. odkazy 
546 |a Súbežný názov angl. ; res. angl. 
650 0 7 |a ekonomika  |2 snkbucl  |9 789 
650 0 7 |a globálna hospodárska kríza  |2 snkbucl  |9 182596 
651 7 |a Európa východná  |2 snkbucl  |9 167635 
700 1 |a Slováková, Viera  |4 aut  |9 771398 
773 0 |t a Česko a Slovensko v medzinárodnom obchode a podnikaní : meniace sa riziká v medzinárodnom obchode a ich dopad na slovenskú a českú ekonomiku : 9. medzinárodná vedecká konferencia  |d Bratislava : Ekonomická univerzita, 2009  |g S. 145-159  |z 9788022527675 
852 |a SNK  |b KIS3GCP 
958 |a NB 
999 |c 1220364  |d 1222294